Voormalige gemeenten in Drenthe - Statistieken

Algemene statistieken
  • Deze quiz is 21 keer genomen
  • De gemiddelde score is 16 van 29
Antwoordstatistieken
Huidige gemeente Voormalige gemeente % Correct
Borger-Odoorn Borger
75%
Aa en Hunze Gieten
75%
Borger-Odoorn Odoorn
75%
Aa en Hunze Rolde
75%
Midden-Drenthe Beilen
67%
Aa en Hunze Gasselte
67%
Meppel Nijeveen
67%
Coevorden Sleen
67%
Tynaarlo Zuidlaren
67%
Coevorden Dalen
58%
Noordenveld Norg
58%
Noordenveld Roden
58%
Midden-Drenthe Smilde
58%
Midden-Drenthe Westerbork
58%
De Wolden De Wijk
50%
Westerveld Diever
50%
Tynaarlo Eelde
50%
De Wolden Ruinen
50%
Westerveld Vledder
50%
Tynaarlo Vries
50%
De Wolden Zuidwolde
50%
Coevorden Zweeloo
50%
Aa en Hunze Anloo
42%
Westerveld Havelte
42%
Noordenveld Peize
42%
Emmen Schoonebeek
42%
Westerveld Dwingeloo
33%
De Wolden Ruinerwold
33%
Coevorden Oosterhesselen
25%
Geen overeenkomende quizzen gevonden
Scoreverdeling
Procent van Mensen met Elke Score
Percentiel versus Aantal Correcte Antwoorden
Uw Scoregeschiedenis
U heeft deze quiz nog niet genomen